000 00850nam a22002897a 4500
003 CHAP
005 20220817041600.0
008 971013s1980 r 00010 d
010 _a18696
011 _a19668
035 _a23753
040 _cCHAP
090 _aFolleto 6529
100 0 0 _aAlonso Ponga, Francisco Javier.
_94594
245 _aCultivo de lentejas
260 _aMadrid :
_bMinsterio de Agricultura,
_c1980
300 _a16 p.
_b: ilus
490 _aHojas divulgadoras
_v; 10/80
590 _aBATCH-UPD
_b10
_c20130110
_lUCH01
_h2217
590 _aCONVERSION
_b10
_c20130109
_lUCH01
_h1311
650 1 4 _aLenteja.
_966009
830 0 _aHojas divulgadoras
_v; 10/80
901 _aBK
942 _cFOLL
949 _aFolleto 6529
_bBC
_cFOLL
_d-55136
_eTS1
_i23753
_mD
_si
949 _aFolleto 6529
_bBC
_cFOLL
_d-55137
_eTS2
_fc.2
_i23753
_mD
_si
999 _c18696
_d18696